Statistics for Easy Maths Quiz

Click here to take the quiz!

General Stats

  • This quiz has been taken 3,944 times
    (3,358 since last reset)
  • The average score is 16 of 16

Answer Stats

QuestionAnswer% Correct
3/3=1
100%
1+1=2
100%
7-3=4
100%
3 x 2=6
100%
3+5=8
100%
0+0=0
99%
1+9=10
99%
100-0=100
99%
4 x 3=12
99%
6/2=3
99%
6+1+0=7
99%
3 x 3=9
99%
10+1=11
98%
3x5=15
98%
8+10=18
98%
15/3=5
98%

Score Distribution

Percentile by Number Answered

Percent of People with Each Score

Your Score History

You have not taken this quiz since the last reset